| 000 | 00767nam a22002177a 4500 | ||
|---|---|---|---|
| 003 | UA-OsUOA | ||
| 001 | 135190 | ||
| 007 | ta | ||
| 008 | 20190115b un ||||| |||| 00| 0 ukr d | ||
| 100 | _aГруба Т. | ||
| 090 |
_a81 _bГ90 |
||
| 942 | _cSA | ||
| 040 |
_aUA-OsUOA _bukr _cUA-OsUOA _dUA-OsUOA |
||
| 245 | _aСамостійна робота в системі формування мовної особистості учнів профільних класів | ||
| 300 | _aС. 2-7 | ||
| 955 | _a0 | ||
| 041 | _aukr | ||
| 080 | _a81 | ||
| 773 | 0 |
_w135189 _tУкраїнська мова і література в школі _dК. _d2018 _g6 |
|
| 650 | 7 |
_a8 Мовознавство. Художня література. Літературознавство _2UDC |
|
| 999 |
_c408474 _d408474 |
||